Meninos e meninas do mundo (Registo nº 4246)

Detalhes MARC
000 -Etiqueta do registo
Cabeçalho 00868cam a2200289 4500
005 - Identificador da versão
Campo de controlo 20240813122056.0
010 ## - Número internacional normalizado dos livros (ISBN)
Número (ISBN) 9724306305
021 ## - Número do Depósito Legal
Código do país PT
Número 183673/02
100 ## - Dados gerais de processamento
Dados gerais de processamento 20030515d2002 c y0pory5003 ba
102 ## - Pais de publicação ou produção
País de publicação Portugal
101 1# - Língua de publicação
Língua do texto, banda sonora, etc. Português
Língua do documento no original Catalão
106 ## - Campo de dados codificados: material textual
Dados codificados do material textual r
105 ## - Campo de dados codificados: livros
Dados codificados dos livros a z 000yy
215 ## - Descrição física 
Indicação específica da natureza do documento e extensão da espécie 35, [2] p.
Outras indicações físicas il.
Dimensões 25 cm
200 1# - Titulo e menção de responsabilidade
Título próprio Meninos e meninas do mundo
Informação de outro título de um extremo ao outro
Primeira menção de responsabilidade texto Núria Roca
Outras menções de responsabilidade il. Rosa Maria Curto
-- trad. Ana Maria Pinto da Silva
225 1# - Colecção 
Título próprio da colecção Crescer
210 ## - Publicação, Distribuição, etc. 
Lugar da edição, distribuição, etc. Porto
Nome do editor, distribuidor, etc. Ambar
Data da publicação, distribuição, etc. 2003
304 ## - Notas relativas a título e menção de responsabilidade 
Texto da nota Tít. orig.: Nens i nenes del món, d'una banda a l'altra
675 ## - Classificação Decimal Universal (CDU)
Notação 087.5
Edição BN
Língua da edição por
Notação 316
Edição BN
Língua da edição por
702 #1 - Nome de autor-pessoa física (responsabilidade secundária)
Número de registo de entrada de autoridade 0000933
Palavra de ordem Curto
Outra parte do nome não tomada para palavra de ordem Rosa Maria
Código de função Ilustrador / Técnico de desenho computorizado
Número de registo de entrada de autoridade 0000934
Palavra de ordem Silva
Outra parte do nome não tomada para palavra de ordem Ana Maria Pinto da
Código de função Tradutor
700 #1 - Nome de autor-pessoa física (responsabilidade principal)
Número de registo de entrada de autoridade 0000932
Palavra de ordem Roca
Outra parte do nome não tomada para palavra de ordem Núria
942 ## - Elementos de entrada adicionados (Koha)
Tipo de item no Koha Livro
Exemplares
Situação do levantamento Origin of item (home branch) (coded) Biblioteca de empréstimo Código de barras Cota Circulation type (not for loan) Tipo de documento Nota do exemplar Damaged status
  Biblioteca Escolar das Vendas Biblioteca Escolar das Vendas BEV732 3CRE   Livro Sem mensagem